00314nam a22001337a 4500003000400000008004100004022001800045082001600063100001400079245003400093250001100127260003400138300000800172OSt250905b |||||||| |||| 00| 0 eng d a9788189738716 a351.609 SOH aSOMIAH,CG aThe Honest Always Stand Alone a8th Ed aNew DelhibNiyogi Booksc2024 a273